| 000 | 00702nam a22002177a 4500 | ||
|---|---|---|---|
| 003 | BUBTL | ||
| 008 | 221203b ||||| |||| 00| 0 eng d | ||
| 020 | _a0415014891 | ||
| 082 | _a616.8917/ B7506b/ 1989 | ||
| 100 |
_95012 _aBrennan, Teresa |
||
| 245 |
_aBetween Feminism and Psychoanalysis/ _cTeresa Brennan |
||
| 250 | _a1st Edn. | ||
| 260 |
_aLondon: _bRoutledge Taylor & Francis Group, _cc1989 |
||
| 300 |
_avii, 271 p.: _c22 cm. |
||
| 500 | _aIncludes Index | ||
| 505 | _aBetween Feminism and Psychoanalysis, Feminism, Psychoanalysis, Teresa Brennan, English | ||
| 650 | 0 |
_91994 _aEnglish Literature |
|
| 856 |
_k0 _l0 _yDownload |
||
| 942 |
_2ddc _cBK |
||
| 999 |
_c6849 _d6849 |
||